Statistiques concernant Communes les plus peuplées de la Vienne

Cliquez ici pour prendre le quiz!

Statistiques générales

  • Ce quiz a été pris 26 fois
    (20 depuis la dernière actualisation)
  • Le résultat moyen est 12 sur 20

Statistiques - réponses

HintAnswer% Correct
87435Poitiers
100%
31722Chatellerault
100%
6461Loudun
100%
6155Montmorillon
92%
7088Chauvigny
85%
7064Saint Benoit
85%
4862Chasseneuil du Poitou
69%
5966Migné Auxances
62%
9857Buxerolles
62%
3665Vouillé
54%
4209Vivonne
54%
3485Ligugé
46%
5331Neuville de Poitou
46%
4037Fontaine le Comte
46%
7351Jaunay - Marigny
38%
4230Mignaloux - Beauvoir
38%
4023Saint Georges les Baillargeaux
38%
5545Vouneuil sous Biard
31%
5898Naintré
31%
3052Dangé Saint Romain
23%

Distribution des résultats

Percentile par nombre de réponses

% des personnes avec chaque résultat

Votre développement - résultats

Vous n’avez pas pris ce quiz depuis la dernière actualisation